000 00716nam a2200229 i 4500
001 136839
003 ES-MaACL
005 20231230063002.0
007 t|
008 070214s1977 sp r ||||1| spa d
100 1 _aSainz de Robles, Federico Carlos,
_d1898-1982
_9101593
245 1 0 _aMiscelánea matritense /
_cFederico Carlos Sainz de Robles.
250 _a1ª ed.
260 _aMadrid :
_bAbaco,
_c1977.
300 _a178 p. ;
_c21 cm.
490 1 _aColección Mentidero de Madrid
500 _aPremio Ramón de Mesonero Romanos 1976.
651 4 _aMadrid-
_vMisceláneas.
_98975
830 0 _aColección Mentidero de Madrid
_9220041
852 _aES-MaACL
_jA-8038
_bR.97291
999 _c136839
_d136839